|
|
|
|
| LEADER |
00000nam a22000007a 4500 |
| 005 |
20190903132619.0 |
| 007 |
cr|||| |||| |
| 008 |
190903s2018 br |||||s|||| 00||0 por d |
| 020 |
|
|
|a 978-85-9597-031-1
|
| 035 |
|
|
|a 24775
|
| 040 |
|
|
|a vLex
|
| 090 |
|
|
|c 9365
|d 9365
|
| 245 |
0 |
0 |
|a Trs̊ dčadas de reforma constitucional
|h [Recurso electrn̤ico] /
|
| 256 |
|
|
|a Servicio en ln̕ea
|
| 260 |
|
|
|a Rio de Janeiro:
|b FGV - Direito Rio,
|c 2018
|
| 300 |
|
|
|a 1 recurso electrn̤ico
|
| 500 |
|
|
|a Onde e como o Congresso Nacional procurou modificar a constituiȯ̂ de 1988.
|
| 506 |
1 |
|
|a Disponible solo en los productos indicados
|d vLex Global
|d vLex Global (Academic Edition, excluding Law Schools)
|d vLex Global (U.S. Academic Edition, Law Schools)
|d vLex Global (U.S. Academic Edition, excluding Law Schools)
|d vLex Global (Academic Edition, Law Schools)
|
| 650 |
0 |
4 |
|a Derecho Constitucional
|z Brasil
|
| 740 |
0 |
|
|a vLex Libros (Servicio en ln̕ea)
|
| 856 |
4 |
0 |
|u http://vlex.com/source/tr-s-decadas-reforma-constitucional-24775
|z Acceso restringido
|
| 942 |
|
|
|c BOOK
|
| 999 |
0 |
|
|a Constitutional right
|